<?xml version="1.0" encoding="UTF-8"?><?xml-stylesheet type="text/xsl" href="static/style.xsl"?><OAI-PMH xmlns="http://www.openarchives.org/OAI/2.0/" xmlns:xsi="http://www.w3.org/2001/XMLSchema-instance" xsi:schemaLocation="http://www.openarchives.org/OAI/2.0/ http://www.openarchives.org/OAI/2.0/OAI-PMH.xsd"><responseDate>2026-04-14T04:28:52Z</responseDate><request verb="GetRecord" identifier="oai:www.recercat.cat:11351/13918" metadataPrefix="marc">https://recercat.cat/oai/request</request><GetRecord><record><header><identifier>oai:recercat.cat:11351/13918</identifier><datestamp>2025-10-24T10:32:14Z</datestamp><setSpec>com_2072_378070</setSpec><setSpec>com_2072_378040</setSpec><setSpec>col_2072_378092</setSpec></header><metadata><record xmlns="http://www.loc.gov/MARC21/slim" xmlns:dcterms="http://purl.org/dc/terms/" xmlns:xsi="http://www.w3.org/2001/XMLSchema-instance" xmlns:doc="http://www.lyncode.com/xoai" xsi:schemaLocation="http://www.loc.gov/MARC21/slim http://www.loc.gov/standards/marcxml/schema/MARC21slim.xsd">
   <leader>00925njm 22002777a 4500</leader>
   <datafield ind2=" " ind1=" " tag="042">
      <subfield code="a">dc</subfield>
   </datafield>
   <datafield ind2=" " ind1=" " tag="720">
      <subfield code="a">Clemente, Maria</subfield>
      <subfield code="e">author</subfield>
   </datafield>
   <datafield ind2=" " ind1=" " tag="720">
      <subfield code="a">aguilar-riera, cristina</subfield>
      <subfield code="e">author</subfield>
   </datafield>
   <datafield ind2=" " ind1=" " tag="720">
      <subfield code="a">Yeste, Diego</subfield>
      <subfield code="e">author</subfield>
   </datafield>
   <datafield ind2=" " ind1=" " tag="720">
      <subfield code="a">González-Llorens, Núria</subfield>
      <subfield code="e">author</subfield>
   </datafield>
   <datafield ind2=" " ind1=" " tag="720">
      <subfield code="a">Mogas Viñals, Eduard</subfield>
      <subfield code="e">author</subfield>
   </datafield>
   <datafield ind2=" " ind1=" " tag="720">
      <subfield code="a">Campos-Martorell, Ariadna</subfield>
      <subfield code="e">author</subfield>
   </datafield>
   <datafield ind2=" " ind1=" " tag="720">
      <subfield code="a">FERNANDEZ ALVAREZ, PAULA</subfield>
      <subfield code="e">author</subfield>
   </datafield>
   <datafield ind2=" " ind1=" " tag="720">
      <subfield code="a">Vázquez, Élida</subfield>
      <subfield code="e">author</subfield>
   </datafield>
   <datafield ind2=" " ind1=" " tag="260">
      <subfield code="c">2025-10-22T12:32:15Z</subfield>
   </datafield>
   <datafield ind2=" " ind1=" " tag="260">
      <subfield code="c">2025-10-22T12:32:15Z</subfield>
   </datafield>
   <datafield ind2=" " ind1=" " tag="260">
      <subfield code="c">2025-07-01</subfield>
   </datafield>
   <datafield ind2=" " ind1=" " tag="520">
      <subfield code="a">Growth hormone deficiency; Hypopituitarism; Pituitary magnetic resonance imatge</subfield>
   </datafield>
   <datafield ind2=" " ind1=" " tag="520">
      <subfield code="a">Deficiència de l'hormona del creixement; Hipopituitarisme; Imatge per ressonància magnètica hipofisària</subfield>
   </datafield>
   <datafield ind2=" " ind1=" " tag="520">
      <subfield code="a">Deficiencia de la hormona de crecimiento; Hipopituitarismo; Imagen por resonancia magnética hipofisaria</subfield>
   </datafield>
   <datafield ind2=" " ind1=" " tag="520">
      <subfield code="a">Objective&#xd;
To evaluate the baseline and follow-up clinical and radiological characteristics of a paediatric cohort initially diagnosed with isolated congenital growth hormone deficiency (IGHD) and pituitary morphology abnormality in MRI.&#xd;
Patients and methods&#xd;
Observational, ambispective and longitudinal review of paediatric patients with an initial diagnosis of growth hormone deficiency with pituitary morphology abnormality in MRI followed-up in a single tertiary hospital.&#xd;
Results&#xd;
After mean 11.3 (± 3.5DS) years of follow-up, the thirty patients (20 males) were classified into two groups: (1) isolated congenital growth hormone deficiency (IGHD) with 24 patients (9.5 years median follow up), and (2) combined pituitary hormone deficiencies (CPHD) with 6 patients (13.5 years median follow up). Median age at diagnosis was IGHD 3.0 [2.0–4.0] and CPHD 3.0 [1.5–5.2] years. Regarding the cerebral MRI scan results, 2 patients had septo-optic dysplasia (CPHD), 5 had pituitary stalk interruption syndrome (3 IGHD), one had ectopic posterior pituitary (IGHD), 16 had anterior pituitary hypoplasia (15 IGHD) and 6 had the latter two conditions combined (5 IGHD). In genetic studies, 1 of 25 patients had positive NGS panel results and it was in the IGHD group. The target gene detected was GLI2. Clinical exome sequencing was performed with six patients, yielding inconclusive results (1 in the IGHD group and 5 in the CPHD group). Array CGH was performed with eight patients (4 in the IGHD group and 4 in the CPHD group) and was negative in all patients. In the CPHD group, associated deficiencies begin to appear after 5 years [4.0–6.0] median follow-up, with thyrotropin being the most frequent (80%), followed by gonadotropin deficiency. ACTH and AVP deficiencies were less frequent.&#xd;
Conclusions&#xd;
Multiple hormone deficiencies were diagnosed during this cohort’s follow-up evaluation, whose first presentation was isolated growth hormone deficiency and pituitary morphology abnormality in MRI. Pathogenic gene variant involved in congenital hypopituitarism (GLI2) was found in one patient. Regular follow up of pituitary hormonal function in such patients is advisable due to the risk of new added deficiencies.</subfield>
   </datafield>
   <datafield ind1="8" ind2=" " tag="024">
      <subfield code="a">http://hdl.handle.net/11351/13918</subfield>
   </datafield>
   <datafield tag="653" ind2=" " ind1=" ">
      <subfield code="a">Imatgeria per ressonància magnètica</subfield>
   </datafield>
   <datafield tag="653" ind2=" " ind1=" ">
      <subfield code="a">Infants</subfield>
   </datafield>
   <datafield tag="653" ind2=" " ind1=" ">
      <subfield code="a">Hipòfisi - Malalties - Prognosi</subfield>
   </datafield>
   <datafield tag="653" ind2=" " ind1=" ">
      <subfield code="a">Nanisme hipofític - Prognosi</subfield>
   </datafield>
   <datafield tag="653" ind2=" " ind1=" ">
      <subfield code="a">DISEASES::Pathological Conditions, Signs and Symptoms::Pathologic Processes::Disease Attributes::Disease Progression</subfield>
   </datafield>
   <datafield tag="653" ind2=" " ind1=" ">
      <subfield code="a">CHEMICALS AND DRUGS::Hormones, Hormone Substitutes, and Hormone Antagonists::Hormones::Peptide Hormones::Pituitary Hormones::Pituitary Hormones, Anterior::Growth Hormone::Human Growth Hormone</subfield>
   </datafield>
   <datafield tag="653" ind2=" " ind1=" ">
      <subfield code="a">Other subheadings::Other subheadings::Other subheadings::Other subheadings::/deficiency</subfield>
   </datafield>
   <datafield tag="653" ind2=" " ind1=" ">
      <subfield code="a">ANALYTICAL, DIAGNOSTIC AND THERAPEUTIC TECHNIQUES, AND EQUIPMENT::Diagnosis::Diagnostic Techniques and Procedures::Diagnostic Imaging::Tomography::Magnetic Resonance Imaging</subfield>
   </datafield>
   <datafield tag="653" ind2=" " ind1=" ">
      <subfield code="a">DISEASES::Musculoskeletal Diseases::Bone Diseases::Bone Diseases, Developmental::Dwarfism::Dwarfism, Pituitary</subfield>
   </datafield>
   <datafield tag="653" ind2=" " ind1=" ">
      <subfield code="a">NAMED GROUPS::Persons::Age Groups::Child</subfield>
   </datafield>
   <datafield tag="653" ind2=" " ind1=" ">
      <subfield code="a">ENFERMEDADES::afecciones patológicas, signos y síntomas::procesos patológicos::atributos de la enfermedad::progresión de la enfermedad</subfield>
   </datafield>
   <datafield tag="653" ind2=" " ind1=" ">
      <subfield code="a">COMPUESTOS QUÍMICOS Y DROGAS::hormonas, sustitutos de hormonas y antagonistas de hormonas::hormonas::hormonas peptídicas::hormonas hipofisarias::hormonas adenohipofisarias::hormona del crecimiento::hormona del crecimiento humana</subfield>
   </datafield>
   <datafield tag="653" ind2=" " ind1=" ">
      <subfield code="a">Otros calificadores::Otros calificadores::Otros calificadores::Otros calificadores::/deficiencia</subfield>
   </datafield>
   <datafield tag="653" ind2=" " ind1=" ">
      <subfield code="a">TÉCNICAS Y EQUIPOS ANALÍTICOS, DIAGNÓSTICOS Y TERAPÉUTICOS::diagnóstico::técnicas y procedimientos diagnósticos::diagnóstico por imagen::tomografía::imagen por resonancia magnética</subfield>
   </datafield>
   <datafield tag="653" ind2=" " ind1=" ">
      <subfield code="a">ENFERMEDADES::enfermedades musculoesqueléticas::enfermedades óseas::enfermedades óseas del desarrollo::enanismo::enanismo hipofisario</subfield>
   </datafield>
   <datafield tag="653" ind2=" " ind1=" ">
      <subfield code="a">DENOMINACIONES DE GRUPOS::personas::Grupos de Edad::niño</subfield>
   </datafield>
   <datafield ind2="0" ind1="0" tag="245">
      <subfield code="a">Progression from isolated growth hormone deficiency to a combined pituitary hormone deficiency in a cohort of paediatrics patients with pituitary morphology abnormalities on MRI</subfield>
   </datafield>
</record></metadata></record></GetRecord></OAI-PMH>